000 00327 a2200157 4500
001 62267
020 _a0582435668
040 _cAnchieta - Pituba
100 _aCollins, Anne
240 1 0 _aBritish life
_lIng
245 1 0 _aBritish life
300 _a44
362 0 _a2001
650 4 _aInglês e inglês antigo
942 _cBK
999 _c62267
_d62267